000 01731nam a2200433Ii 4500
001 DIGCOJAL0062
003 NyNyDIG
006 m o d
007 cr |||||||||||
008 250404s2022 mx ab ob 000 0 spa d
035 _a(OCoLC)1513492470
040 _aDGITA
_beng
_erda
_epn
_cDGITA
020 _z9786078831234
043 _an-mx---
050 1 4 _aML3485 ebook
245 0 0 _aDel mitote al fandango urbano :
_bveinte años de investigación del mariachi tradicional /
_cArturo Camacho Becerra (coordinador).
264 1 _aZapopan, Jalisco :
_bEl Colegio de Jalisco,
_c[2022]
300 _a1 online resource :
_billustrations, maps.
336 _atext
_btxt
_2rdacontent
337 _acomputer
_bc
_2rdamedia
338 _aonline resource
_bcr
_2rdacarrier
347 _atext file
_2rdaft
347 _bPDF
504 _aIncludes bibliographical references.
588 0 _aOnline resource; title from PDF title page (Digitalia, viewed April 4, 2025)
650 0 _aFolk music
_zMexico
_xHistory.
650 0 _aPopular music
_zMexico
_xHistory.
650 0 _aMariachi musicians
_zMexico
_xHistory.
650 0 _aFandangos
_zMexico
_zJalisco
_xHistory.
650 0 _aCongresses and conventions
_zMexico
_xHistory.
651 0 _aMexico
_xSocial life and customs.
700 1 _aCamacho Becerra, Arturo,
_eeditor.
791 2 _aDigitalia (Firm),
_edistributor.
793 0 _gDigitalia eBook Collection:
_aEl Colegio de Jalisco
776 0 8 _iPrint version:
_tDel mitote al fandango urbano.
_bPrimera edición.
_dZapopan, Jalisco : El Colegio de Jalisco, 2022
_z9786078831234
856 4 0 _3Digitalia Hispánica
_uhttps://www.digitaliapublishing.com/a/172224/
910 _aPremium collection: 2025
942 _cRAA
999 _c291051
_d291051